Đất khách

Uloženo v:
Podrobná bibliografie
Hlavní autor: Lý Lan
Médium: Kniha
Jazyk:Undetermined
Vydáno: Tp. HCM Văn Nghệ 1999
Témata:
Tagy: Přidat tag
Žádné tagy, Buďte první, kdo otaguje tento záznam!
Thư viện lưu trữ: Trung tâm Học liệu Trường Đại học Cần Thơ
LEADER 00522nam a2200193Ia 4500
001 CTU_35838
008 210402s9999 xx 000 0 und d
020 |b 14.000đ 
082 |a 895.9223 
082 |b L105 
100 |a Lý Lan 
245 0 |a Đất khách 
245 0 |c Lý Lan 
260 |a Tp. HCM 
260 |b Văn Nghệ 
260 |c 1999 
650 |a short stories, vietnamese,vietnamese literature - 20th century 
904 |i Minh, 000317 
980 |a Trung tâm Học liệu Trường Đại học Cần Thơ